<?xml version="1.0" encoding="UTF-8"?><?xml-stylesheet type="text/xsl" href="static/style.xsl"?><OAI-PMH xmlns="http://www.openarchives.org/OAI/2.0/" xmlns:xsi="http://www.w3.org/2001/XMLSchema-instance" xsi:schemaLocation="http://www.openarchives.org/OAI/2.0/ http://www.openarchives.org/OAI/2.0/OAI-PMH.xsd"><responseDate>2026-06-29T02:33:40Z</responseDate><request verb="GetRecord" identifier="oai:docta.ucm.es:20.500.14352/137135" metadataPrefix="marc">https://docta.ucm.es/rest/oai/request</request><GetRecord><record><header><identifier>oai:docta.ucm.es:20.500.14352/137135</identifier><datestamp>2026-06-04T00:02:19Z</datestamp><setSpec>com_20.500.14352_14</setSpec><setSpec>col_20.500.14352_18</setSpec></header><metadata><record xmlns="http://www.loc.gov/MARC21/slim" xmlns:dcterms="http://purl.org/dc/terms/" xmlns:xsi="http://www.w3.org/2001/XMLSchema-instance" xmlns:doc="http://www.lyncode.com/xoai" xsi:schemaLocation="http://www.loc.gov/MARC21/slim http://www.loc.gov/standards/marcxml/schema/MARC21slim.xsd">
   <leader>00925njm 22002777a 4500</leader>
   <datafield ind2=" " ind1=" " tag="042">
      <subfield code="a">dc</subfield>
   </datafield>
   <datafield ind2=" " ind1=" " tag="720">
      <subfield code="a">Pedreira González, Félix María</subfield>
      <subfield code="e">author</subfield>
   </datafield>
   <datafield ind2=" " ind1=" " tag="260">
      <subfield code="c">2023</subfield>
   </datafield>
   <datafield ind2=" " ind1=" " tag="520">
      <subfield code="a">En los últimos años, con diferentes argumentos y pretextos, principalmente utilitaristas, el Derecho penal ha sido objeto de una constante y progresiva degradación, que se inserta en un contexto más amplio y preocupante de erosión de los derechos y garantías de los ciudadanos, de los límites frente al poder y de la seguridad jurídica. El capítulo analiza y valora, con base en la doctrina y jurisprudencia recientes, los problemas relativos al comportamiento humano y su ausencia, el concepto de tipo, el tipo doloso activo, el tipo imprudente activo, los tipos omisivos dolosos e imprudentes, el iter criminis y la autoría y participación, adoptando perspectivas respetuosas con las exigencias propias de un Estado de Derecho.</subfield>
   </datafield>
   <datafield ind1="8" ind2=" " tag="024">
      <subfield code="a">PEDREIRA GONZÁLEZ, F.Mª: “El comportamiento típico”, en Pedreira González, F., y Escudero García Calderón, B.: La teoría jurídica del delito en un Estado de Derecho, J. M. Bosch editor, Barcelona, 2023, pp. 21-200.</subfield>
   </datafield>
   <datafield ind1="8" ind2=" " tag="024">
      <subfield code="a">978-84-19580-78-8</subfield>
   </datafield>
   <datafield ind1="8" ind2=" " tag="024">
      <subfield code="a">https://hdl.handle.net/20.500.14352/137135</subfield>
   </datafield>
   <datafield ind1="8" ind2=" " tag="024">
      <subfield code="a">https://libreriabosch.com/Backend/images/310820231124049788419580788.pdf</subfield>
   </datafield>
   <datafield ind2="0" ind1="0" tag="245">
      <subfield code="a">El comportamiento típico</subfield>
   </datafield>
</record></metadata></record></GetRecord></OAI-PMH>